000 00478nam a2200181Ia 4500
008 131103s9999 xx 000 0 und d
020 _cRs.12
040 _aLoreto College
041 _aEnglish
082 _a891.443/GAN
_bLCLIB/20135
100 _aGangopadhaya, Narayan
245 _aOmnibus
_cNarayan Gangopadhaya
260 _aCalcutta
_bBengal Pub. Pvt/ Ltd.
_c1378
300 _aV.1
_c 21cm.
650 _aBengali fiction
850 _aLCLIB/891.443/GAN
942 _cBK
999 _c21546
_d72025